La economía de un desierto: Tarapacá durante la Colonia

Guardat en:
Dades bibliogràfiques
Autor principal: Villalobos Rivera, Sergio (Autor)
Format: Llibre
Idioma:espanyol
Publicat: Santiago, Chile Nueva Universidad 1979
Matèries:
Etiquetes: Afegir etiqueta
Sense etiquetes, Sigues el primer a etiquetar aquest registre!

MARC

LEADER 00000nam a2200000 a 4500
001 UCV9534
003 CL-VaPUC
005 20210608001257.0
008 921112e19790000CL |||||||||||||||||spa|d
999 |c 214853  |d 214851 
040 |c Pontificia Universidad Católica de Valparaíso 
082 0 4 |a 330.98312 VIL 1979  |2 21 
100 0 |a Villalobos Rivera, Sergio  |e author  |9 303546 
245 1 3 |a La economía de un desierto:  |b  Tarapacá durante la Colonia 
260 |a Santiago, Chile  |b Nueva Universidad  |c 1979 
300 |a 278 páginas 
500 |a Voces de uso corriente en Tarapacá en el siglo XVIII 
583 |a last modification  |c 19921112 00:00:00  |k Rodrigo Vera 
650 0 |a Historia  |z TARAPACA  |z CHILE  |9 255047 
650 0 |a Condiciones económicas  |z TARAPACA  |z CHILE  |9 258255 
852 |a BIBCUR 
942 |c BK  |2 ddc 
945 |d 19921112 00:00:00 
952 |0 0  |1 0  |2 ddc  |4 0  |6 330_983120000000000_VIL_1979  |7 0  |8 P  |9 198631  |a BIBARQ  |b BIBARQ  |d 2019-11-14  |i 266058K  |o 330.98312 VIL 1979  |p 266058K  |r 2025-01-20  |t 1  |w 2019-11-14  |y BK  |k ARQ 
952 |0 0  |1 0  |2 ddc  |4 0  |6 330_983120000000000_VIL_1979  |7 0  |8 A  |9 198634  |a BIBHIS  |b BIBHIS  |d 2019-11-14  |i 1255711  |o 330.98312 VIL 1979  |p 1255711  |r 2025-01-20  |t 2  |w 2019-11-14  |y BK  |k HIS 
952 |0 0  |1 0  |2 ddc  |4 0  |6 330_983120000000000_VIL_1979  |7 0  |8 A  |9 198635  |a BIBHIS  |b BIBHIS  |d 2019-11-14  |i 125572K  |o 330.98312 VIL 1979  |p 125572K  |r 2025-01-20  |t 3  |w 2019-11-14  |y BK  |k HIS